Rozhodování Řešení rozhodovacích problémů v řízení

Salvato in:
Dettagli Bibliografici
Autore principale: Fotr, Jiří
Altri autori: Hořický, Karel
Natura: Libro
Lingua:ceco
Pubblicazione: Praha Inst. říz. 1988
Edizione:1. vyd.
Tags: Aggiungi Tag
Nessun Tag, puoi essere il primo ad aggiungerne!!

MARC

LEADER 00000nam a2200000 4500
001 c026478
005 20221219085646.9
041 0 |a cze 
044 |a CZ 
245 1 0 |a Rozhodování  |b Řešení rozhodovacích problémů v řízení  |c Jiří Fotr, Karel Hořický 
250 |a 1. vyd. 
264 1 |a Praha  |b Inst. říz.  |c 1988 
300 |a 238 s. 
100 1 |a Fotr, Jiří 
700 1 |a Hořický, Karel